000 00403nam a2200169Ia 4500
008 230524s9999 xx 000 0 und d
082 _a530
_bPAN
100 _aS.Panigrahi
245 0 _aEngineering Practical Physics
250 _a1ST
260 _aBERHAMPUR
_bS.Publication
_c2002
300 _a111-104
500 _aQuantity Number: 6
650 _aPhysics
700 _a B.Mallik
942 _cBK
999 _c20403
_d20403